| 000 | 00751cam a2200217 4500 | ||
|---|---|---|---|
| 001 | WB3607-16 | ||
| 008 | 000000n2000 000 0 eng u | ||
| 035 | _a(Sirsi) u104221 | ||
| 245 | _aRetail proves it's value for money | ||
| 260 | _c2000 | ||
| 490 |
_aHerald _v 17 February 2000, 28(1) |
||
| 520 | _aLooks at the high street retail property market in Scotland, which has increased considerably since the New Year. Both capital values and rents have gone up. | ||
| 590 | _aWB | ||
| 650 | _aSCOTLAND | ||
| 650 | _aRENTAL VALUES | ||
| 650 | _aCAPITAL VALUES | ||
| 650 | _aPROPERTY-COMMERCIAL PROPERTY-RETAIL PROPERTY-RETAIL PROPERTY MARKET | ||
| 650 | _aFORECASTS | ||
| 690 | _aPROPERTY-COMMERCIAL PROPERTY-RETAIL PROPERTY | ||
| 942 | _n0 | ||
| 999 |
_c62541 _d62541 |
||